00720nam a2200229 a 4500001001300000003000900013005001700022008004100039020002300080082001600103100001100119245008500130260004100215300001000256500003500266650001700301700001100318902000800329942000700337952012900344999001700473nice12345678IN_TiNIC20260116014909.0140722s2007 newa grp 000 0 eng  a9780307406217c35000a291.4bOSH4 aOsho,  aEmotional Wellnessb Transforming Fear, Anger, and Jealousy into Creative Energy aNew York, USA bHarmony Books c2007 a293p  aincludes index and biblioraphy aSpirituality1 aOsho,  bSRS cBK 001040708StackRoom-aHMIbHMId2005-01-01g350.00l2o291.4 OSH4p024502r2020-02-03s2020-01-21v350.00w2014-07-22yBK c17460d17460